000 00985nas a2200325 4500
001 BR0701942
003 BR-BrBNA
005 20231205110719.0
007 ta
008 230509b bl.|||p| |||| 00| 00por d
040 _aBR-BrBNA
_bpor
_cBiblioteca Nacional de Agricultura
041 _a(Pt)
072 _aF02
100 1 _aSkrebsky, E.C.
100 1 _aNicolosso, F.T.
100 1 _aMaldaner, J.
245 1 _aSubstratos na aclimatização de Pfaffia glomerata (Spreng)Pedersen produzida in vitro sob diferentes doses de sacarose
650 _aPFAFFIA GLOMERATA
650 _aMACELA BRANCA
650 _aSUBSTRATO DE CULTURA
650 _aMUDA
650 _aPRODUÇÃO VEGETAL
650 _aCULTURA IN VITRO
650 _aSACAROSE
650 _aMICROPROPAGAÇÃO
650 _aALIMENTO
773 0 _tCiência Rural (Brazil)
_xISSN 0103-8478
_g(Sep-Oct 2006), v. 36(5) p. 1416-1423
_wBR0701942
909 _a202311
_bLúcia
_c55
_dLúcia Elande
942 _2AGRIS
_n0
_cANA
999 _c188696
_d188696